Catalog

Record Details

Catalog Search



Available copies

  • 1 of 1 copy available at LARL/NWRL Consortium.
  • 1 of 1 copy available at Northwest Regional Library. (Show preferred library)

Current holds

0 current holds with 1 total copy.

Show Only Available Copies
Location Call Number / Copy Notes Barcode Shelving Location Status Due Date
Grygla LINK Site lp GRI (Text) 35500005416597 Main Available -

Record details

  • ISBN: 9781628991215 (librarybinding : alk. paper)
  • ISBN: 1628991216 (librarybinding : alk. paper)
  • Physical Description: pages ; cm.
  • Edition: Center Point Large Print edition.
  • Publisher: Thorndike, Maine : Center Point Large Print, 2014.

Content descriptions

Summary, etc.:
"To save her only brother, police detective Andrea ... Read More
Subject: Women detectives > Fiction.
Brothers and sisters > Fiction.
United States. Federal Bureau of Investigation > Fiction.
Murder > Investigation > Fiction.
Serial murders > Fiction.
Terrorism > Prevention > Fiction.
Large type books.
Genre: Mystery fiction.
Romantic suspense fiction.
LDR 01770cam a22004818i 4500
001166898
003LARL_NWRL_CONSORTIUM
00520140605100300.0
008140226s2014 meu d 000 1 eng
010 . ‡a2014007830
019 . ‡a871339572
020 . ‡a9781628991215 (librarybinding : alk. paper)
020 . ‡a1628991216 (librarybinding : alk. paper)
035 . ‡a(OCoLC)871200262 ‡z(OCoLC)871339572
040 . ‡aDLC ‡beng ‡erda ‡cDLC ‡dYDXCP ‡dBTCTA ‡dNRG
042 . ‡apcc
043 . ‡an-us---
049 . ‡aNRGE
05010. ‡aPS3607.R54838 ‡bF37 2014b
08200. ‡a813/.6 ‡223
1001 . ‡aGriffin, Laura, ‡d1973- ‡0(LARL_NWRL_CONSORTIUM)213266
24510. ‡aFar gone ‡h[Large Print] / ‡cLaura Griffin.
250 . ‡aCenter Point Large Print edition.
260 . ‡aThorndike, Maine : ‡bCenter Point Large Print, ‡c2014.
300 . ‡apages ; cm.
336 . ‡atext ‡btxt ‡2rdacontent
337 . ‡aunmediated ‡bn ‡2rdamedia
338 . ‡avolume ‡bnc ‡2rdacarrier
520 . ‡a"To save her only brother, police detective Andrea Finch must face down a criminal mastermind, the FBI, and her own demons"-- ‡cProvided by publisher.
650 0. ‡aWomen detectives ‡vFiction. ‡0(LARL_NWRL_CONSORTIUM)167906
650 0. ‡aBrothers and sisters ‡vFiction. ‡0(LARL_NWRL_CONSORTIUM)163634
61010. ‡aUnited States. ‡bFederal Bureau of Investigation ‡vFiction.
650 0. ‡aMurder ‡xInvestigation ‡vFiction. ‡0(LARL_NWRL_CONSORTIUM)166203
650 0. ‡aSerial murders ‡vFiction. ‡0(LARL_NWRL_CONSORTIUM)167273
650 0. ‡aTerrorism ‡xPrevention ‡vFiction. ‡0(LARL_NWRL_CONSORTIUM)167697
650 0. ‡aLarge type books. ‡0(LARL_NWRL_CONSORTIUM)24284
655 7. ‡aMystery fiction. ‡2gsafd
655 7. ‡aRomantic suspense fiction. ‡2gsafd
994 . ‡aC0 ‡bNRG
901 . ‡a166898 ‡bOCLC ‡c166898 ‡tbiblio

Additional Resources